|
|
|
|
| LEADER |
00741nam a2200241Ia 4500 |
| 008 |
141004s9999 xx 000 0 und d |
| 040 |
|
|
|c a
|
| 041 |
|
|
|a English
|
| 082 |
|
|
|a 571.3
|
| 082 |
|
|
|b JEF/AN
|
| 100 |
|
|
|a Edward charles Jeffrey
|
| 245 |
|
|
|c Edward charles Jeffrey
|
| 245 |
|
4 |
|a The anatomy of woody plants
|
| 260 |
|
|
|a Dehra Dun
|
| 260 |
|
|
|b International book distributors
|
| 260 |
|
|
|c 1985
|
| 300 |
|
|
|a 469 p.
|
| 300 |
|
|
|b 24 cm
|
| 501 |
|
|
|a 4B1
|
| 650 |
|
|
|a Woody plants
|
| 942 |
|
|
|c BK
|
| 999 |
|
|
|c 170390
|d 170390
|
| 952 |
|
|
|0 0
|1 0
|4 0
|6 571_300000000000000_JEF_AN
|7 0
|9 175656
|a KAUCOF
|b KAUCOF
|l 1
|o 571.3 JEF/AN
|p KAU_COF-218
|r 2015-07-30
|s 2015-06-08
|w 2014-10-04
|y BK
|